00326nam a2200121Ia 4500008004000000082001500040100003100055245004500086250000500131260002900136300001600165650002300181210210b1986 xxu||||| |||| 00| 0 eng d a541.3 PURP aPURI (B R) & SHARMA (L R). aPrinciples of physical chemistry. Ed 27. a aN DbS. Nagin & Coc1986 axi,1108,ixi aPhysical Chemistry